[Event "PER-ch"]
[Site "Lima"]
[Date "2015.05.03"]
[Round "7"]
[White "Salazar, Carlos"]
[Black "Paredes Lagos, Anthony Javier"]
[Result "1/2-1/2"]
[WhiteElo "2153"]
[BlackElo "1936"]
[PlyCount "98"]
[EventDate "2015.04.30"]
[EventType "swiss"]
[EventRounds "8"]
[EventCountry "PER"]
[SourceTitle "CBM 166 Extra"]
[Source "ChessBase"]
[SourceDate "2015.06.18"]
[SourceVersion "1"]
[SourceVersionDate "2015.06.18"]
[SourceQuality "1"]

1. d4 Nf6 2. c4 g6 3. Nc3 Bg7 4. e4 d6 5. f3 0-0 6. Be3 Nc6 7. Nge2 a6 8. Qd2 Rb8 9. Rb1 b5 10. cxb5 axb5 11. b4 Bd7 12. d5 Ne5 13. Nd4 e6 14. Be2 Qe8 15. 0-0 c6 16. dxc6 Bxc6 17. Rfc1 Nc4 18. Bxc4 bxc4 19. Nxc6 Qxc6 20. b5 Qc7 21. a4 Nd7 22. Na2 Ra8 23. b6 Qc6 24. Nb4 Qxa4 25. Rxc4 Nxb6 26. Bxb6 Qb5 27. Rc6 Rfb8 28. Bd4 Bxd4+ 29. Qxd4 Ra4 30. Rxd6 Qa5 31. Rb2 e5 32. Qd5 Qa7+ 33. Kf1 Rbxb4 34. Qxe5 Ra1+ 35. Ke2 Rxb2+ 36. Qxb2 Qc7 37. Qxa1 Qxd6 38. g3 Qc6 39. Qb2 Qc4+ 40. Kf2 Qc5+ 41. Kg2 h6 42. h4 Qa5 43. Qe2 Qe5 44. Qd2 Kg7 45. Qc2 h5 46. Qd2 Kh7 47. Qf4 Qb2+ 48. Kh3 Kg7 49. e5 Qe2 1/2-1/2

[Event "PER-ch"]
[Site "Lima"]
[Date "2015.05.02"]
[Round "6"]
[White "Miguel, Fernando"]
[Black "Salazar, Carlos"]
[Result "1-0"]
[WhiteElo "2217"]
[BlackElo "2153"]
[PlyCount "112"]
[EventDate "2015.04.30"]
[EventType "swiss"]
[EventRounds "8"]
[EventCountry "PER"]
[SourceTitle "CBM 166 Extra"]
[Source "ChessBase"]
[SourceDate "2015.06.18"]
[SourceVersion "1"]
[SourceVersionDate "2015.06.18"]
[SourceQuality "1"]

1. d4 Nf6 2. c4 e6 3. Nf3 b6 4. g3 Ba6 5. b3 d5 6. Bg2 Bb4+ 7. Bd2 Be7 8. Bc3 0-0 9. 0-0 Bb7 10. Ne5 Na6 11. Nd2 c5 12. e3 Rc8 13. a3 Ne4 14. Nxe4 dxe4 15. Qg4 f5 16. Qe2 cxd4 17. exd4 Bf6 18. f4 b5 19. Rac1 bxc4 20. bxc4 Nc7 21. Rfd1 Re8 22. Qa2 g5 23. Ba5 Qe7 24. Kh1 Ba8 25. Bb4 Qg7 26. d5 Nxd5 27. cxd5 Rxc1 28. Rxc1 Bxd5 29. Qb2 Bxe5 30. Qxe5 Qxe5 31. fxe5 f4 32. gxf4 gxf4 33. Kg1 f3 34. Bh3 e3 35. Bc5 e2 36. Kf2 Rc8 37. Bg4 Rc7 38. Be3 Rb7 39. Bh6 Kf7 40. Bxf3 Bxf3 41. Kxf3 Rb3+ 42. Kxe2 Kg6 43. Bf8 Kf5 44. Rc7 Kxe5 45. Rxh7 Ke4 46. Rh4+ Kd5 47. Rh5+ Ke4 48. Rh4+ Kd5 49. Ra4 Rb2+ 50. Kd3 Rxh2 51. Ra5+ Kc6 52. Rxa7 Ra2 53. Ra6+ Kd5 54. Ra5+ Kc6 55. Bb4 Ra1 56. Re5 Kd7 1-0

[Event "Bogota Navidad op"]
[Site "Bogota"]
[Date "2014.12.06"]
[Round "5"]
[White "Hevia Alejano, Carlos Antonio"]
[Black "Salazar, Carlos"]
[Result "1-0"]
[WhiteElo "2511"]
[BlackElo "2155"]
[PlyCount "117"]
[EventDate "2014.12.04"]
[EventType "swiss"]
[EventRounds "9"]
[EventCountry "COL"]
[SourceTitle "CBM 163 Extra"]
[Source "ChessBase"]
[SourceDate "2014.12.23"]
[SourceVersion "1"]
[SourceVersionDate "2014.12.23"]
[SourceQuality "1"]

1. d4 Nf6 2. c4 e6 3. Nf3 Bb4+ 4. Nbd2 b6 5. e3 Bb7 6. Bd3 0-0 7. 0-0 d5 8. b3 Nbd7 9. Bb2 Ne4 10. a3 Bd6 11. cxd5 exd5 12. Rc1 Qe7 13. Re1 Rfc8 14. a4 f5 15. Nf1 g5 16. Re2 g4 17. Ne1 Qg5 18. Rec2 f4 19. exf4 Bxf4 20. Ra1 a5 21. Bc1 c5 22. Bxe4 dxe4 23. Bxf4 Qxf4 24. Ne3 h5 25. Rd2 Rf8 26. Qe2 Rae8 27. Rad1 Rf6 28. N1c2 Re7 29. Qc4+ Kg7 30. Qc3 Kh7 31. dxc5 Nxc5 32. g3 Qh6 33. Rd8 Qg7 34. Nd5 Bxd5 35. R1xd5 Rf3 36. Qd2 Qf7 37. Qd4 Qf6 38. Rxh5+ Kg6 39. Qd5 Rd3 40. Rg8+ Rg7 41. Rg5+ Kh6 42. Rh8+ Rh7 43. Rh5+ Kg6 44. Qg8+ Qg7 45. Qxh7+ Qxh7 46. R8xh7 Nxb3 47. R5h6+ Kg5 48. Rxb6 Nd2 49. h4+ gxh3 50. Rg7+ Kf5 51. Ne3+ Ke5 52. Re7+ Kd4 53. Rd7+ Kc3 54. Rc7+ Kd4 55. Rd6+ Ke5 56. Rxd3 exd3 57. Rd7 Nf3+ 58. Kh1 Ke4 59. Nf1 1-0

[Event "Bogota Navidad op"]
[Site "Bogota"]
[Date "2014.12.05"]
[Round "3"]
[White "Pinzon, Jairo David"]
[Black "Salazar, Carlos"]
[Result "0-1"]
[WhiteElo "2197"]
[BlackElo "2155"]
[PlyCount "38"]
[EventDate "2014.12.04"]
[EventType "swiss"]
[EventRounds "9"]
[EventCountry "COL"]
[SourceTitle "CBM 163 Extra"]
[Source "ChessBase"]
[SourceDate "2014.12.23"]
[SourceVersion "1"]
[SourceVersionDate "2014.12.23"]
[SourceQuality "1"]

1. c4 e5 2. Nc3 Nc6 3. g3 g6 4. Bg2 Bg7 5. d3 d6 6. e3 Be6 7. Nge2 Qd7 8. Nd5 Nd8 9. Rb1 c6 10. Ndc3 Bh3 11. 0-0 Bxg2 12. Kxg2 Ne7 13. f3 Ne6 14. e4 0-0 15. b4 d5 16. Na4 b5 17. Nb2 a5 18. a3 axb4 19. axb4 f5 0-1

[Event "Arequipa GP Peru Sur"]
[Site "Arequipa"]
[Date "2013.06.29"]
[Round "5"]
[White "Cabrera Huaman, Rodolfo"]
[Black "Salazar, Carlos"]
[Result "0-1"]
[WhiteElo "2042"]
[BlackElo "2162"]
[PlyCount "72"]
[EventDate "2013.06.27"]
[EventType "swiss"]
[EventRounds "8"]
[EventCountry "PER"]
[SourceTitle "EXT 2018"]
[Source "ChessBase"]
[SourceDate "2017.10.13"]
[SourceVersion "1"]
[SourceVersionDate "2017.10.13"]
[SourceQuality "1"]

1. d4 c5 2. d5 Nf6 3. c4 b5 4. e3 bxc4 5. Bxc4 g6 6. b3 Bg7 7. Bb2 d6 8. Ne2 0-0 9. 0-0 Nbd7 10. Nd2 Nb6 11. Bxf6 Bxf6 12. Rc1 e6 13. dxe6 fxe6 14. Ne4 Be7 15. Bd3 Bb7 16. Nf4 Bc8 17. Bb1 Qd7 18. Qd3 Rd8 19. Nh5 Nd5 20. Rfd1 Bb7 21. Qe2 gxh5 22. Qxh5 Qe8 23. Qg4+ Qg6 24. Qh3 Qf7 25. Ng3 Nf6 26. Rc4 Kh8 27. Rh4 Rg8 28. f3 Rg7 29. Rh6 Rag8 30. Rc1 Bc8 31. Rc4 Nd5 32. Rg4 Nxe3 33. Nh5 Nxg4 34. fxg4 Bg5 35. Bg6 Rxg6 36. Qc3+ e5 0-1

[Event "American Continental 09th"]
[Site "Cochabamba"]
[Date "2013.05.09"]
[Round "4"]
[White "Salazar, Carlos"]
[Black "Cueto Chajtur, Johny"]
[Result "0-1"]
[WhiteElo "2167"]
[BlackElo "2263"]
[PlyCount "86"]
[EventDate "2013.05.07"]
[EventType "swiss"]
[EventRounds "11"]
[EventCountry "BOL"]
[SourceTitle "CBM 154 Extra"]
[Source "ChessBase"]
[SourceDate "2013.06.25"]
[SourceVersion "2"]
[SourceVersionDate "2013.06.25"]
[SourceQuality "1"]

1. d4 d6 2. e4 Nf6 3. f3 c6 4. Ne2 e5 5. c4 Be7 6. Nbc3 a6 7. a4 a5 8. dxe5 dxe5 9. Qxd8+ Bxd8 10. Be3 Na6 11. 0-0-0 Be6 12. b3 Nd7 13. Kb2 Be7 14. Nc1 Bc5 15. Bxc5 Ndxc5 16. Be2 Ke7 17. Rd2 Rhd8 18. Rhd1 Rxd2+ 19. Rxd2 g6 20. Bd1 f6 21. Bc2 h5 22. g3 h4 23. g4 Bd7 24. N1e2 Ne6 25. Nd1 Nac5 26. Ne3 Ng5 27. Ng1 Nce6 28. Ng2 Rh8 29. h3 Be8 30. Kc3 Bf7 31. Rf2 Nc5 32. Re2 Nge6 33. Rf2 Ng5 34. Re2 Be6 35. f4 Bxg4 36. hxg4 h3 37. Nxh3 Rxh3+ 38. Kb2 Nge6 39. fxe5 fxe5 40. Re3 Rh2 41. Ne1 Nd4 42. Kb1 Nxc2 43. Nxc2 Rg2 0-1

[Event "Lima GP IRT op"]
[Site "Lima"]
[Date "2013.??.??"]
[Round "3"]
[White "Salazar, Carlos"]
[Black "Rosales, Pierina"]
[Result "0-1"]
[WhiteElo "2162"]
[BlackElo "1863"]
[PlyCount "100"]
[EventDate "2013.08.21"]
[EventType "swiss"]
[EventRounds "9"]
[EventCountry "PER"]
[SourceTitle "CBM 156 Extra"]
[Source "ChessBase"]
[SourceDate "2013.10.22"]
[SourceVersion "1"]
[SourceVersionDate "2013.10.22"]
[SourceQuality "1"]

1. c4 e5 2. Nc3 Nc6 3. Nf3 Nf6 4. g3 Bb4 5. Bg2 0-0 6. 0-0 Re8 7. d3 h6 8. Nd5 Nxd5 9. cxd5 Nd4 10. Nh4 Be7 11. e3 Bxh4 12. exd4 Bf6 13. dxe5 Bxe5 14. d4 Bf6 15. Be3 c6 16. Qd2 cxd5 17. Bxd5 d6 18. Rfc1 Qb6 19. Rc3 Qb5 20. Bg2 Be6 21. Rac1 Rac8 22. Rxc8 Rxc8 23. Rxc8+ Bxc8 24. h4 Be6 25. d5 Bf5 26. b3 b6 27. Qc1 Qd3 28. Qc7 Qb1+ 29. Kh2 Qxa2 30. Qxd6 Qxb3 31. Qb8+ Kh7 32. Qxa7 b5 33. Qxf7 b4 34. Bd4 Bg6 35. Qa7 Bxd4 36. Qxd4 Qc3 37. Qxc3 bxc3 38. d6 Be8 39. Be4+ Kg8 40. Kg1 Kf7 41. Bc2 Ke6 42. Kf1 Bb5+ 43. Ke1 Kxd6 44. Kd1 Ke5 45. Bh7 Kd4 46. Kc2 Bc6 47. Kd1 Be4 48. Bg8 Kd3 49. f4 Ke3 50. Be6 Kf3 0-1

[Event "Lima GP IRT op"]
[Site "Lima"]
[Date "2013.??.??"]
[Round "1"]
[White "Salazar, Carlos"]
[Black "Saravia, German"]
[Result "1-0"]
[WhiteElo "2162"]
[BlackElo "1495"]
[PlyCount "41"]
[EventDate "2013.08.21"]
[EventType "swiss"]
[EventRounds "9"]
[EventCountry "PER"]
[SourceTitle "CBM 156 Extra"]
[Source "ChessBase"]
[SourceDate "2013.10.22"]
[SourceVersion "1"]
[SourceVersionDate "2013.10.22"]
[SourceQuality "1"]

1. d4 Nf6 2. c4 e6 3. Nf3 Bb4+ 4. Bd2 Bxd2+ 5. Qxd2 b6 6. g3 Bb7 7. Bg2 d6 8. 0-0 Nbd7 9. Nc3 Qe7 10. d5 0-0-0 11. Nd4 exd5 12. cxd5 Ng4 13. a4 Nde5 14. a5 Nc4 15. Qf4 Nge5 16. axb6 axb6 17. Nc6 Bxc6 18. dxc6 Kb8 19. Ra2 Na5 20. Rxa5 bxa5 21. Qa4 1-0

[Event "Bogota LAB"]
[Site "Bogota"]
[Date "2012.12.17"]
[Round "1"]
[White "Salazar, Carlos"]
[Black "Condori Aranya, Edwin"]
[Result "1/2-1/2"]
[WhiteElo "2169"]
[BlackElo "2205"]
[PlyCount "32"]
[EventDate "2012.12.17"]
[EventType "tourn"]
[EventRounds "9"]
[EventCountry "COL"]
[SourceTitle "CBM 152 Extra"]
[Source "ChessBase"]
[SourceDate "2013.02.25"]
[SourceVersion "1"]
[SourceVersionDate "2013.02.25"]
[SourceQuality "1"]

1. d4 Nf6 2. c4 e6 3. Nf3 b6 4. g3 Ba6 5. b3 Bb4+ 6. Bd2 Be7 7. Bg2 d5 8. Bc3 c6 9. Nbd2 b5 10. c5 Nfd7 11. b4 f5 12. 0-0 Qc7 13. Qc2 0-0 14. Rfb1 Bf6 15. e3 g6 16. Qb2 Re8 1/2-1/2

[Event "Bogota Humana op"]
[Site "Bogota"]
[Date "2012.12.07"]
[Round "5"]
[White "Salazar, Carlos"]
[Black "Rosero, Hugo Alberto"]
[Result "1-0"]
[WhiteElo "2169"]
[BlackElo "1649"]
[PlyCount "85"]
[EventDate "2012.12.05"]
[EventType "swiss"]
[EventRounds "9"]
[EventCountry "COL"]
[SourceTitle "EXT 2014"]
[Source "ChessBase"]
[SourceDate "2013.11.20"]
[SourceVersion "1"]
[SourceVersionDate "2013.11.20"]
[SourceQuality "1"]

1. d4 d5 2. c4 c6 3. Nf3 Nf6 4. Nc3 e6 5. e3 Be7 6. Bd3 dxc4 7. Bxc4 b5 8. Bd3 a6 9. 0-0 Nbd7 10. a4 Bb7 11. Qe2 0-0 12. Rd1 Qc7 13. e4 e5 14. Nxe5 Nxe5 15. dxe5 Qxe5 16. f4 Bc5+ 17. Kh1 Qh5 18. Qxh5 Nxh5 19. e5 g6 20. g4 Ng7 21. Ne4 Ba7 22. Nd6 Rab8 23. axb5 cxb5+ 24. Nxb7 Rxb7 25. Rxa6 Rd8 26. Be2 Rxd1+ 27. Bxd1 Rc7 28. Bd2 Ne6 29. f5 gxf5 30. gxf5 Nc5 31. Rd6 Ne4 32. Rd8+ Kg7 33. Bb4 Kh6 34. e6 fxe6 35. Bf8+ Kg5 36. fxe6 Kf6 37. e7 Rxe7 38. Bxe7+ Kxe7 39. Rd5 Ke6 40. Bb3 Kf6 41. Rxb5 Bd4 42. Bc2 Ng5 43. Rf5+ 1-0

[Event "Bogota Humana op"]
[Site "Bogota"]
[Date "2012.12.06"]
[Round "3"]
[White "Salazar, Carlos"]
[Black "Barrientos Chavarriaga, Sergio E"]
[Result "0-1"]
[WhiteElo "2169"]
[BlackElo "2459"]
[PlyCount "68"]
[EventDate "2012.12.05"]
[EventType "swiss"]
[EventRounds "9"]
[EventCountry "COL"]
[SourceTitle "EXT 2014"]
[Source "ChessBase"]
[SourceDate "2013.11.20"]
[SourceVersion "1"]
[SourceVersionDate "2013.11.20"]
[SourceQuality "1"]

1. e4 c5 2. Nf3 d6 3. Bb5+ Nc6 4. d4 cxd4 5. Nxd4 Bd7 6. c4 Nf6 7. Nc3 e6 8. 0-0 Be7 9. Bxc6 bxc6 10. Be3 e5 11. Nde2 0-0 12. f3 Be6 13. b3 Qc7 14. Rc1 Qb7 15. Qd2 Rfd8 16. Rfd1 Rd7 17. Qe1 h6 18. Rd3 d5 19. cxd5 cxd5 20. exd5 Bf5 21. Rd2 Rc8 22. Ng3 Bg6 23. d6 Bxd6 24. Nd5 Nxd5 25. Rxc8+ Qxc8 26. Rxd5 Bb4 27. Qxb4 Rxd5 28. h4 a5 29. Qb6 h5 30. a3 Rd3 31. b4 axb4 32. axb4 Qc4 33. Qb8+ Kh7 34. Qxe5 Qxb4 0-1

[Event "American Continental 06th"]
[Site "Sao Paulo"]
[Date "2009.07.30"]
[Round "7"]
[White "Salazar, Carlos"]
[Black "Brito, Luismar"]
[Result "0-1"]
[WhiteElo "2189"]
[BlackElo "2351"]
[PlyCount "152"]
[EventDate "2009.07.25"]
[EventType "swiss"]
[EventRounds "11"]
[EventCountry "BRA"]
[SourceTitle "EXT 2022"]
[Source "ChessBase"]
[SourceDate "2021.10.06"]
[SourceVersion "1"]
[SourceVersionDate "2021.10.06"]
[SourceQuality "1"]

1. e4 c5 2. Nf3 d6 3. Bb5+ Bd7 4. Bxd7+ Qxd7 5. 0-0 e6 6. c3 Nc6 7. d4 Nf6 8. Re1 cxd4 9. cxd4 d5 10. e5 Ne4 11. Nbd2 Nxd2 12. Bxd2 Be7 13. Rc1 0-0 14. Bg5 f6 15. exf6 Bxf6 16. Bxf6 gxf6 17. Rc3 Rae8 18. Rce3 Kh8 19. Qe2 Nd8 20. Nh4 Rg8 21. f4 Qa4 22. Nf3 Ref8 23. Ra3 Qb4 24. Qd2 Qb6 25. Kh1 a6 26. g3 Rf7 27. Rc3 Rc7 28. Rxc7 Qxc7 29. Rc1 Qf7 30. Qd3 Nc6 31. Re1 Qh5 32. Kg2 Qg4 33. Qe3 Re8 34. Qd3 Re7 35. a3 Qg6 36. Qd2 Kg8 37. b4 Qe8 38. Qd3 Na7 39. f5 Nb5 40. fxe6 Rxe6 41. Rxe6 Qxe6 42. a4 Nd6 43. Nd2 Qe1 44. Kh3 Kg7 45. b5 axb5 46. axb5 Qf2 47. Nf3 Ne4 48. Qa3 Kf7 49. Qb3 Ke6 50. Qa3 Ng5+ 51. Nxg5+ fxg5 52. Qa8 Qf1+ 53. Kg4 Qf5+ 54. Kh5 Qg6+ 55. Kg4 h5+ 56. Kh3 Qf5+ 57. Kg2 Qe4+ 58. Kh3 Qg4+ 59. Kg2 Qe2+ 60. Kg1 Qxb5 61. Qc8+ Qd7 62. Qh8 Qf7 63. Qe5+ Kd7 64. Qxg5 b5 65. Qd2 Qf3 66. Qa5 Qd3 67. Qb6 Qc4 68. Qa7+ Ke6 69. Kg2 b4 70. Qb6+ Kf5 71. h3 b3 72. Qh6 Qe2+ 73. Kg1 Ke4 74. Qe6+ Kd3 75. Qxd5 Kc3 76. Qb7 Qd1+ 0-1

[Event "Callao op"]
[Site "Callao"]
[Date "2007.08.13"]
[Round "8"]
[White "Abarca, Diego"]
[Black "Salazar, Carlos"]
[Result "1/2-1/2"]
[WhiteElo "2141"]
[BlackElo "2215"]
[PlyCount "69"]
[EventDate "2007.08.08"]
[EventType "swiss"]
[EventRounds "9"]
[EventCountry "PER"]
[SourceTitle "CBM 119 Extra"]
[Source "ChessBase"]
[SourceDate "2007.09.04"]
[SourceVersion "1"]
[SourceVersionDate "2007.09.04"]
[SourceQuality "1"]

1. e4 e5 2. Nf3 Nc6 3. Nc3 Nf6 4. d4 exd4 5. Nxd4 Bb4 6. Nxc6 bxc6 7. Bd3 d5 8. exd5 cxd5 9. 0-0 0-0 10. Bg5 c6 11. Qf3 Be7 12. Rfe1 Be6 13. h3 h6 14. Bd2 Nd7 15. Qg3 Bg5 16. Bxg5 Qxg5 17. Qxg5 hxg5 18. Ne2 c5 19. c3 Ne5 20. Bc2 Nc4 21. b3 Na3 22. Bd3 Rab8 23. f4 c4 24. bxc4 dxc4 25. Be4 f5 26. Nd4 fxe4 27. Nxe6 Rfe8 28. Rxe4 gxf4 29. Rae1 Rb1 30. Kf2 Rxe1 31. Rxe1 Nb5 32. Nxf4 Rxe1 33. Kxe1 Nxc3 34. a3 Kf7 35. Ne2 1/2-1/2

[Event "Callao op"]
[Site "Callao"]
[Date "2007.08.12"]
[Round "7"]
[White "Ascoy, Adolfo"]
[Black "Salazar, Carlos"]
[Result "1-0"]
[WhiteElo "2178"]
[BlackElo "2215"]
[PlyCount "83"]
[EventDate "2007.08.08"]
[EventType "swiss"]
[EventRounds "9"]
[EventCountry "PER"]
[SourceTitle "CBM 119 Extra"]
[Source "ChessBase"]
[SourceDate "2007.09.04"]
[SourceVersion "1"]
[SourceVersionDate "2007.09.04"]
[SourceQuality "1"]

1. d4 d5 2. c4 dxc4 3. e4 Nf6 4. e5 Nd5 5. Bxc4 Nb6 6. Be2 Bf5 7. Nc3 e6 8. Bf3 c6 9. Nge2 Be7 10. 0-0 0-0 11. a3 N8d7 12. b4 a6 13. Qb3 Bd3 14. Ne4 Bc4 15. Qc2 a5 16. Bd2 axb4 17. Bxb4 Bxb4 18. axb4 Rxa1 19. Rxa1 f6 20. Nd6 Bxe2 21. Qxe2 fxe5 22. dxe5 Nd5 23. Bxd5 cxd5 24. Qg4 Qe7 25. f4 g5 26. g3 Kh8 27. Kh1 gxf4 28. gxf4 Nb6 29. Ra7 Qc7 30. Rxb7 Qc1+ 31. Qg1 Qxg1+ 32. Kxg1 Nc4 33. Rf7 Rxf7 34. Nxf7+ Kg7 35. Nd6 Nb6 36. Kf2 Kg6 37. Ke3 Kh5 38. h3 Kg6 39. Kd4 Nd7 40. b5 h6 41. f5+ exf5 42. e6 1-0

[Event "Callao op"]
[Site "Callao"]
[Date "2007.08.10"]
[Round "3"]
[White "Salazar, Carlos"]
[Black "Sanchez, Victor Hugo"]
[Result "1/2-1/2"]
[WhiteElo "2215"]
[BlackElo "2232"]
[PlyCount "29"]
[EventDate "2007.08.08"]
[EventType "swiss"]
[EventRounds "9"]
[EventCountry "PER"]
[SourceTitle "CBM 119 Extra"]
[Source "ChessBase"]
[SourceDate "2007.09.04"]
[SourceVersion "1"]
[SourceVersionDate "2007.09.04"]
[SourceQuality "1"]

1. d4 g6 2. e4 d6 3. Nc3 Bg7 4. Be3 a6 5. Qd2 b5 6. f3 Nd7 7. h4 h5 8. Nh3 c6 9. Be2 Ngf6 10. Ng5 Qc7 11. Nd1 Bb7 12. Nf2 c5 13. c3 0-0 14. 0-0 Nb6 15. b3 1/2-1/2

[Event "Callao op"]
[Site "Callao"]
[Date "2007.08.08"]
[Round "1"]
[White "Salazar, Carlos"]
[Black "Felgaer, Ruben Alejandro"]
[Result "1/2-1/2"]
[WhiteElo "2215"]
[BlackElo "2559"]
[PlyCount "49"]
[EventDate "2007.08.08"]
[EventType "swiss"]
[EventRounds "9"]
[EventCountry "PER"]
[SourceTitle "CBM 119 Extra"]
[Source "ChessBase"]
[SourceDate "2007.09.04"]
[SourceVersion "1"]
[SourceVersionDate "2007.09.04"]
[SourceQuality "1"]

1. d4 Nf6 2. Nf3 g6 3. g3 Bg7 4. Bg2 0-0 5. 0-0 d6 6. b3 c5 7. e3 Nc6 8. Bb2 cxd4 9. exd4 d5 10. Ne5 Bd7 11. Nd2 Rc8 12. c4 Be6 13. Qe2 Qa5 14. Rfc1 Rfd8 15. a3 dxc4 16. Nxc6 bxc6 17. b4 Qa6 18. Nxc4 Ne8 19. Qf1 Bd5 20. Na5 Qb6 21. Rc5 Nd6 22. Bxd5 cxd5 23. Rac1 e6 24. Qd3 Bh6 25. R1c2 1/2-1/2

[Event "American Continental 04th"]
[Site "Cali"]
[Date "2007.07.18"]
[Round "9"]
[White "Salazar, Carlos"]
[Black "Orozco Lopez, Luz Elena"]
[Result "1-0"]
[WhiteElo "2215"]
[BlackElo "1908"]
[PlyCount "143"]
[EventDate "2007.07.10"]
[EventType "swiss"]
[EventRounds "11"]
[EventCountry "COL"]
[SourceTitle "CBM 119 Extra"]
[Source "ChessBase"]
[SourceDate "2007.09.04"]
[SourceVersion "1"]
[SourceVersionDate "2007.09.04"]
[SourceQuality "1"]

1. d4 d5 2. c4 Nc6 3. Nf3 Bg4 4. cxd5 Bxf3 5. dxc6 Bxc6 6. Nc3 e6 7. e4 Bb4 8. f3 Ne7 9. Be3 Ng6 10. Qc2 Qd7 11. Be2 Bb5 12. 0-0 Bxe2 13. Nxe2 0-0 14. Rfd1 c6 15. Nc1 Bd6 16. Nd3 Qc7 17. g3 Rfc8 18. b4 Qe7 19. a3 e5 20. dxe5 Nxe5 21. Nxe5 Bxe5 22. Rab1 Bd6 23. Rd3 c5 24. Qd2 Rd8 25. Rd1 Bc7 26. Bxc5 Qf6 27. e5 Rxd3 28. exf6 Rxd2 29. Rxd2 Be5 30. fxg7 b6 31. Bf2 Kxg7 32. f4 Bc7 33. Rd7 Rc8 34. Kg2 Kf6 35. Rd3 Ke6 36. Rc3 Kd7 37. Kf3 f5 38. h3 h5 39. Bd4 Re8 40. Bf6 Re6 41. Bg5 Bd6 42. g4 hxg4+ 43. hxg4 fxg4+ 44. Kxg4 a5 45. bxa5 bxa5 46. f5 Re5 47. Rd3 Re4+ 48. Kh5 Ra4 49. Bc1 Rc4 50. Bb2 Ke7 51. Rb3 Kf7 52. Rb7+ Rc7 53. Rxc7+ Bxc7 54. a4 Bd6 55. Kg5 Bb4 56. Kf4 Ke7 57. Ke5 Be1 58. Kd5 Kf7 59. Bd4 Bd2 60. Kc4 Bb4 61. Bc3 Be7 62. Kb5 Bd8 63. Bxa5 Bf6 64. Bb6 Bc3 65. Bd8 Ke8 66. Kc4 Bb2 67. Bb6 Kd7 68. Kd5 Kc8 69. Kc6 Kb8 70. a5 Bc3 71. a6 Be5 72. Bc7+ 1-0

[Event "American Continental 04th"]
[Site "Cali"]
[Date "2007.07.17"]
[Round "8"]
[White "Capo Vidal, Uriel"]
[Black "Salazar, Carlos"]
[Result "1-0"]
[WhiteElo "2370"]
[BlackElo "2215"]
[PlyCount "37"]
[EventDate "2007.07.10"]
[EventType "swiss"]
[EventRounds "11"]
[EventCountry "COL"]
[SourceTitle "CBM 119 Extra"]
[Source "ChessBase"]
[SourceDate "2007.09.04"]
[SourceVersion "1"]
[SourceVersionDate "2007.09.04"]
[SourceQuality "1"]

1. d4 d5 2. c4 dxc4 3. Nf3 Nf6 4. Nc3 a6 5. e4 b5 6. e5 Nd5 7. a4 Nxc3 8. bxc3 Bb7 9. e6 Qd5 10. exf7+ Kxf7 11. Be2 Nc6 12. Ng5+ Kg8 13. Bf3 Qd8 14. axb5 axb5 15. Rxa8 Bxa8 16. Bg4 g6 17. Be6+ Kg7 18. Nf7 Qb8 19. d5 1-0

[Event "American Continental 04th"]
[Site "Cali"]
[Date "2007.07.16"]
[Round "7"]
[White "Castro Rojas, Oscar Humberto"]
[Black "Salazar, Carlos"]
[Result "1/2-1/2"]
[WhiteElo "2390"]
[BlackElo "2215"]
[PlyCount "155"]
[EventDate "2007.07.10"]
[EventType "swiss"]
[EventRounds "11"]
[EventCountry "COL"]
[SourceTitle "CBM 119 Extra"]
[Source "ChessBase"]
[SourceDate "2007.09.04"]
[SourceVersion "1"]
[SourceVersionDate "2007.09.04"]
[SourceQuality "1"]

1. d4 d5 2. c4 dxc4 3. Nf3 Nf6 4. e3 e6 5. Bxc4 c5 6. 0-0 a6 7. Re1 Nc6 8. a4 Be7 9. Nc3 0-0 10. b3 cxd4 11. exd4 Nb4 12. Ne5 Nbd5 13. Bd2 Bd7 14. a5 Bc6 15. Nxc6 bxc6 16. Na4 Nc7 17. Qf3 Nb5 18. Be3 Nd5 19. Red1 Qxa5 20. Nc5 Qd8 21. Nxa6 Qb6 22. Bxd5 cxd5 23. Nc5 Rxa1 24. Rxa1 Nxd4 25. Bxd4 Bxc5 26. Bxc5 Qxc5 27. g3 h6 28. h4 e5 29. b4 Qxb4 30. Qxd5 e4 31. Ra7 Qe1+ 32. Kg2 e3 33. fxe3 Qe2+ 34. Kh3 Qxe3 35. Ra2 h5 36. Kg2 g6 37. Rf2 Kg7 38. Rf3 Qe2+ 39. Rf2 Qe7 40. Qd4+ f6 41. Ra2 Rf7 42. Rd2 Qb7+ 43. Qd5 Qa7 44. Qd4 Qa8+ 45. Qd5 Qb8 46. Re2 Qb4 47. Qe4 Qb6 48. Qe6 Qd4 49. Qe4 Qxe4+ 50. Rxe4 Kh6 51. Re6 g5 52. hxg5+ Kxg5 53. Ra6 h4 54. gxh4+ Kxh4 55. Kf3 Kg5 56. Ra5+ f5 57. Ra8 Rg7 58. Rf8 Rg6 59. Ra8 Kf6 60. Rf8+ Ke5 61. Re8+ Re6 62. Rxe6+ Kxe6 63. Kf4 Kf6 64. Kf3 Ke5 65. Ke3 f4+ 66. Kf3 Kf5 67. Kf2 Ke5 68. Kf3 Kf5 69. Kf2 Ke4 70. Ke2 f3+ 71. Kf2 Kf4 72. Kf1 Kg3 73. Kg1 Kg4 74. Kf2 Kf4 75. Kf1 Ke4 76. Kf2 Kf4 77. Kf1 Ke3 78. Ke1 1/2-1/2

[Event "American Continental 04th"]
[Site "Cali"]
[Date "2007.07.11"]
[Round "2"]
[White "Salazar, Carlos"]
[Black "Rodriguez M, Juan Andres"]
[Result "1-0"]
[WhiteElo "2215"]
[BlackElo "2009"]
[PlyCount "41"]
[EventDate "2007.07.10"]
[EventType "swiss"]
[EventRounds "11"]
[EventCountry "COL"]
[SourceTitle "CBM 119 Extra"]
[Source "ChessBase"]
[SourceDate "2007.09.04"]
[SourceVersion "1"]
[SourceVersionDate "2007.09.04"]
[SourceQuality "1"]

1. d4 d5 2. c4 e6 3. Nc3 Nf6 4. cxd5 exd5 5. Bg5 Be7 6. e3 c6 7. Qc2 g6 8. Bd3 Be6 9. Nge2 Nbd7 10. 0-0 0-0 11. Nf4 Bg4 12. f3 Bh5 13. h3 h6 14. Bxh6 g5 15. Bxg5 Bg6 16. Bxg6 fxg6 17. Qxg6+ Kh8 18. Ne6 Rg8 19. Qh6+ Nh7 20. Nxd8 Bxg5 21. Nf7# 1-0

[Event "American Continental 04th"]
[Site "Cali"]
[Date "2007.07.10"]
[Round "1"]
[White "Zambrana, Oswaldo"]
[Black "Salazar, Carlos"]
[Result "1-0"]
[WhiteElo "2511"]
[BlackElo "2215"]
[PlyCount "43"]
[EventDate "2007.07.10"]
[EventType "swiss"]
[EventRounds "11"]
[EventCountry "COL"]
[SourceTitle "CBM 119 Extra"]
[Source "ChessBase"]
[SourceDate "2007.09.04"]
[SourceVersion "1"]
[SourceVersionDate "2007.09.04"]
[SourceQuality "1"]

1. e4 d5 2. exd5 Qxd5 3. Nc3 Qa5 4. d4 Nf6 5. Nf3 Bg4 6. h3 Bxf3 7. Qxf3 c6 8. Bd2 Nbd7 9. Bc4 e6 10. Bb3 Qc7 11. g4 h6 12. 0-0-0 0-0-0 13. h4 Nb6 14. g5 Ne8 15. Ne4 Rxd4 16. Bf4 Rxd1+ 17. Rxd1 e5 18. Bg3 f6 19. Qf5+ Kb8 20. gxf6 gxf6 21. Nxf6 Bd6 22. Qe6 1-0